Grupos humanos y categorías sociales : (Record no. 26587)

MARC details
000 -CABECERA
campo de control de longitud fija 00673nam a2200217 a 4500
005 - FECHA Y HORA DE LA ÚLTIMA TRANSACCIÓN
campo de control 20240925065120.0
008 - ELEMENTOS DE LONGITUD FIJA--INFORMACIÓN GENERAL
campo de control de longitud fija 991125s1984 bar 000 0 spa u
020 ## - NÚMERO INTERNACIONAL NORMALIZADO PARA LIBROS
Número Internacional Estándar del Libro 8425414091
035 ## - NÚMERO DE CONTROL DEL SISTEMA
Número de control de sistema UPN01000026587
049 ## - COLECCIÓN
Colección CG
050 #4 - SIGNATURA TOPOGRÁFICA DE LA BIBLIOTECA DEL CONGRESO
Número de clasificación HM251
Número de documento/Ítem T3.38
100 1# - ASIENTO PRINCIPAL--NOMBRE PERSONAL
Nombre de persona Tajfel, Henri
245 10 - MENCIÓN DE TÍTULO
Título Grupos humanos y categorías sociales :
Resto del título estudios de psicología social /
Mención de responsabilidad, etc. Henri Tajfel ; tr. Carmen Huici.
260 ## - PUBLICACIÓN, DISTRIBUCIÓN, ETC.
Lugar de publicación, distribución, etc. Barcelona, Esp. :
Nombre del editor, distribuidor, etc. Herder,
Fecha de publicación, distribución, etc. 1984.
300 ## - DESCRIPCIÓN FÍSICA
Extensión 409 p.
440 #0 - MENCIÓN DE SERIE/ASIENTO SECUNDARIO--TÍTULO
Título Biblioteca de psicosociología ;
Designación de volumen o secuencia 15
650 #2 - ASIENTO SECUNDARIO DE MATERIA - TERMINO TEMATICO
Término de materia o nombre geográfico como elemento de entrada Grupos sociales
9 (RLIN) 7125
650 #4 - ASIENTO SECUNDARIO DE MATERIA - TERMINO TEMATICO
Término de materia o nombre geográfico como elemento de entrada Psicología social
9 (RLIN) 5889
650 #4 - ASIENTO SECUNDARIO DE MATERIA - TERMINO TEMATICO
Término de materia o nombre geográfico como elemento de entrada Relaciones interpersonales
9 (RLIN) 1551
905 ## - TIPO DE MATERIAL
Tipo de material Libro
Holdings
Estado de retiro Estado de pérdida Fuente del sistema de clasificación o colocación Estado dañado No para préstamo Código de colección Localización permanente Ubicación/localización actual Ubicación en estantería Total de préstamos Clasificación Código de barras Fecha visto por última vez Fecha del último préstamo Número de copia Tipo de ítem Koha Fecha de adquisición Renovaciones totales
    Library of Congress Classification     Colección General Bib. Gregorio Torres Quintero Bib. Gregorio Torres Quintero Planta baja 54 HM251 T3.38 81870 19/05/2025 30/04/2025 1 Libro    
    Library of Congress Classification     Colección General Bib. Gregorio Torres Quintero Bib. Gregorio Torres Quintero Planta baja 35 HM251 T3.38 202453 06/05/2025 25/03/2025 1 Libro 28/09/2022 3
    Library of Congress Classification     Colección General Bib. Gregorio Torres Quintero Bib. Gregorio Torres Quintero Planta baja 52 HM251 T3.38 210884 06/09/2022 12/08/2022 1 Libro 12/08/2022 1